00414 2200157 4500245007400000020002200074250001100096100001700107650001800124005001900142260003700161041001400198084001000212300002500222336000900247 aQuantum Inspirasi b : Everything Is InspirationcFatih BeemanhText a978-602-98702-0-6 aCet. 3 aFatih Beeman aMotivasi Diri a20230220134437 aJakartabBee Media Pustakac2013 aIndonesia a153.8 a120 hlm. :c20.5 cm. atext